000 00847nam a22002777a 4500
003 EC-QuCCB
005 20260311130344.0
007 ta
008 260311s2007 mx a|||gr|||| 001 0dspa d
020 _a970-26-0854-6
020 _a978-970-26-0854-7
040 _aEC-QuCCB
041 0 _aspa
082 _a570
_bG184
245 1 0 _aBiología I :
_bun enfoque constructivista
_cMaría de los Ángeles Gama Fuertes ; revisión técnica Laura Beatriz García Barajas ; asesoría pedagógica Julio H. Pimienta Prieto
250 _aTercera edición
260 _aMéxico D. F. :
_bPearson Educación,
_c2007
300 _axv, 333 páginas :
_bIlustraciones ;
_c25 cm
336 _atexto
_btxt
337 _ano mediado
_bn
338 _avolumen
_bnc
505 1 _aGlosario
590 _ajcc
650 4 _911224
_aBiología
942 _2ddc
_cBK
999 _c83646
_d83646